000
00265nam a2200121Ia 4500
008
190216s9999||||xx |||||||||||||| ||und||
100
_a
Daniel Defoe
245
0
_a
Roninson Kurooso
260
_b
Dc Books Kottayam
300
_a
107
650
_a
Novel
942
_c
BK
999
_c
29266
_d
29266